000 00376nam a2200133 i 4500
001 bg
100 1 _aKOPACZ, Stanisław
245 0 _aEkstrakcja związków nieorganicznych tlenowymi ekstrahentami w układach siarczanowych /
_cStanisław Kopacz.
260 _aWrocław,
_c1977.
040 _cBPK
041 _apol
942 _cKS
008 s pl f |000 0 pol
999 _c27573
_d27573
856 _uhttp://koha.tu.koszalin.pl/cgi-bin/koha/opac-detail.pl?biblionumber=27573
_yKatalog online BPK